Normal view
MARC view
Entry Personal Name
001 - CONTROL NUMBER
- control field: 34921
003 - CONTROL NUMBER IDENTIFIER
- control field: ARRUPE
005 - DATE AND TIME OF LATEST TRANSACTION
- control field: 20170821100338.0
008 - FIXED-LENGTH DATA ELEMENTS
- fixed length control field: 170821|| aca||aabn | a|a d
040 ## - CATALOGING SOURCE
- Original cataloging agency: ARRUPE
- Transcribing agency: ARRUPE
100 ## - HEADING--PERSONAL NAME
- Personal name: Storey, John,
- Dates associated with a name: 1950-
670 ## - SOURCE DATA FOUND
- Source citation: Work cat.: (ARRUPE)0: Storey, John, 1950-, An introductory guide to cultural theory and popular culture /, 1993.